| 000 | 01563nam a22002297a 4500 | ||
|---|---|---|---|
| 003 | AR-RoUNCS | ||
| 005 | 20260519141345.0 | ||
| 007 | ta | ||
| 008 | 240731s2017 ag |||||r|||| 00| 1 spa d | ||
| 020 | _a97899874581440 | ||
| 040 |
_cAR-RoUNCS _aAR-RoUNCS _bspa |
||
| 041 | _aspa | ||
| 100 | 1 |
_aGarland, Inés, _d1960- _eautor |
|
| 245 | 1 | 4 |
_aUna reina perfecta / _cInés Garland. |
| 260 |
_aLanús : _bClubcinco, _cc2017. |
||
| 300 |
_a117 p. ; _c20 cm. |
||
| 505 | 0 | _aPrólogo-- Una reina perfecta -- Más tarde en la vida -- El llamado -- El remolino -- Una buena educación -- Electrocardiograma de riesgo -- Cóctel -- Microcosmos -- Los dulces sueños están hechos de ésto -- La penitencia -- Cuestión de altura -- Azul turquesa -- Último día de vacaciones -- Posfacio de la autora -- Primera versión de la penitencia.- | |
| 520 | _aNiñas, adolescentes, adultas. Mujeres con tronos que tambalean y falsas coronas, siempre atentas a los movimientos del deseo y a la propia felicidad. Con finura y sutileza, revelando una aguda percepción del mundo infantil y del alma femenina, estos relatos hablan de la pérdida de la inocencia y las ilusiones, de la distancia radical que a veces reina entre niños y adultos, de la angustia y la locura que se entrelazan en la aparente normalidad de la vida cotidiana y de la búsqueda permanente del amor. La escritora retrata a mujeres perseguidas por el peso de viejos mandatos y un sentimiento de desorientación. | ||
| 650 | 7 |
_2embne _aLiteratura argentina |
|
| 655 | 7 |
_2embne _aCuentos |
|
| 942 |
_2udc _cOG _n0 |
||
| 999 |
_c278 _d278 |
||